razze di cani - Statistics

Statistiche generali
  • Questo quiz è stato fatto 73 volte
  • Il punteggio medio è 7 su 44
Statistiche sulle risposte
con Immagini Risposta % Corretto
nova scotia
69%
brie
66%
pirenei
66%
airedale
56%
san bernardo
50%
staffordhire
44%
cavalier king
35%
basset hound
31%
lagotto
19%
samoiedo
16%
puli
15%
collie
13%
borzoi
11%
basenji
10%
boston terrier
10%
rhodesian
10%
vizla
10%
bloodhound
8%
bracco italiano
8%
dogue de bordeaux
8%
flat coated
8%
saluki
8%
bichon frise
6%
bobtail
5%
chin
5%
galgo
5%
pastore olandese
5%
scottish terrier
5%
setter gordon
5%
beauceron
3%
border terrier
3%
bulldog americano
3%
catahoula
3%
cattledog
3%
griffoncino
3%
manchester terrier
3%
podenco
3%
saarlos
3%
shetland
3%
springer spaniel
3%
west england white terrier
3%
bull terrer
2%
kelpie
2%
thai ridgeback
2%
Nessun quiz corrispondente trovato
Distribuzione punteggi
Percentuale di utenti per punteggio
Percentile per numero di risposta
I tuoi punteggi nel tempo
Non hai fatto questo quiz